Optimization of tarbela dam rule curve for flood control and maximum power generation (Record no. 554264)
[ view plain ]
| 000 -LEADER | |
|---|---|
| fixed length control field | 00581nam a22001937a 4500 |
| 082 ## - DEWEY DECIMAL CLASSIFICATION NUMBER | |
| Classification number | P-821 |
| 100 ## - MAIN ENTRY--PERSONAL NAME | |
| Personal name | Ahmed, Hamza |
| 9 (RLIN) | 51699 |
| 245 ## - TITLE STATEMENT | |
| Title | Optimization of tarbela dam rule curve for flood control and maximum power generation |
| 260 ## - PUBLICATION, DISTRIBUTION, ETC. | |
| Place of publication, distribution, etc. | Risalpur, |
| Name of publisher, distributor, etc. | MCE, |
| Date of publication, distribution, etc. | 2019. |
| 300 ## - PHYSICAL DESCRIPTION | |
| Extent | 75p. |
| Other physical details | ill. |
| Dimensions | 30cm. |
| 526 ## - STUDY PROGRAM INFORMATION NOTE | |
| Program name | 0 |
| Interest level | 0 |
| Reading level | 0 |
| Title point value | P_821 |
| 700 ## - ADDED ENTRY--PERSONAL NAME | |
| Personal name | Abbas, Aaliyan |
| 9 (RLIN) | 51700 |
| 700 ## - ADDED ENTRY--PERSONAL NAME | |
| Personal name | Ahmed, Hamza |
| 9 (RLIN) | 51699 |
| 700 ## - ADDED ENTRY--PERSONAL NAME | |
| Personal name | Ali, Jawad |
| 9 (RLIN) | 51701 |
| 700 ## - ADDED ENTRY--PERSONAL NAME | |
| Personal name | Anwer, Jahanzaib |
| 9 (RLIN) | 51702 |
| 700 ## - ADDED ENTRY--PERSONAL NAME | |
| Personal name | Azeem, Muhammad Aaimon |
| 9 (RLIN) | 51703 |
| 700 ## - ADDED ENTRY--PERSONAL NAME | |
| Personal name | Shehzad, Dr Naeem |
| 9 (RLIN) | 51704 |
| 942 ## - ADDED ENTRY ELEMENTS (KOHA) | |
| Source of classification or shelving scheme | |
| Koha item type | Book |
| Withdrawn status | Lost status | Source of classification or shelving scheme | Damaged status | Not for loan | Permanent Location | Current Location | Date acquired | Total Checkouts | Full call number | Barcode | Date last seen | Price effective from | Koha item type |
|---|---|---|---|---|---|---|---|---|---|---|---|---|---|
| Military College of Engineering (MCE) | Military College of Engineering (MCE) | 08/20/2019 | P-821 | MCE-P-821 | 08/20/2019 | 08/20/2019 | Book |
